000 00606nam a2200169Ia 4500
003 GCL
008 140319s9999 xx 000 0 ara d
040 _aGCL /
_cGCL
082 0 4 _a607
_bن ت
100 1 _aنادية مصطفى الشيشينى
245 1 0 _aالتصنيع وتكوين القواعد التكنولوجية فى الدول العربية /
_cنادية مصطفى الشيشينى
490 _a100 قصة
_v0
650 0 4 _aالتكنولوجيا
650 0 4 _aالتكولوجيا والحضارة
650 0 4 _aالتكنولوجيا - التعاون الدولى
942 _2ddc
_cBK
999 _c44275
_d44275